00289nam a2200097Ia 4500008004100000100003300041245003100074260003800105300000900143650003900152191201s2017 xx 000 0 und d aKASTURE, AV AND WADODKAR, SG 0aPharmaceutical chemistry I bNirali PrakashanaNew Delhic2017 aMISC aPharmaceutical Inorganic Chemistry